[Event "Oberliga NRW 9798 II"]
[Site "Germany"]
[Date "1998.??.??"]
[Round "6.2"]
[White "Wessels, Marco"]
[Black "Loemker, Michael"]
[Result "1-0"]
[WhiteElo "2265"]
[BlackElo "2160"]
[PlyCount "135"]
[EventDate "1997.10.??"]
[EventType "team"]
[EventRounds "9"]
[EventCountry "GER"]
[SourceTitle "EXT 1999"]
[Source "ChessBase"]
[SourceDate "1998.11.16"]
[SourceVersion "1"]
[SourceVersionDate "1998.11.16"]
[SourceQuality "1"]
[WhiteTeam "Duisburg II"]
[BlackTeam "Herford"]
[WhiteTeamCountry "GER"]
[BlackTeamCountry "GER"]

1. e4 g6 2. d4 Bg7 3. Nc3 d6 4. f4 b6 5. Nf3 Bb7 6. Bb5+ Nd7 7. a4 a6 8. Bc4 e6 9. 0-0 Ne7 10. Qe2 0-0 11. Bd3 c5 12. Be3 d5 13. exd5 exd5 14. Qf2 c4 15. Be2 Nf5 16. Bd2 b5 17. axb5 axb5 18. Rxa8 Bxa8 19. Ne5 Nd6 20. Bf3 Nf6 21. Ra1 b4 22. Ne2 Nfe4 23. Qe1 b3 24. Ba5 Qc8 25. cxb3 cxb3 26. Bb4 Re8 27. Bxd6 Nxd6 28. Qb4 Ne4 29. Bxe4 dxe4 30. Qxb3 Bxe5 31. fxe5 Qg4 32. Rf1 Rf8 33. Qe3 Rb8 34. h3 Qd7 35. Rb1 Qa4 36. Rc1 Qa2 37. Qf4 Rf8 38. Rf1 Qxb2 39. e6 f5 40. Rf2 Qb8 41. Qe3 Qd6 42. Nf4 Bd5 43. e7 Re8 44. g4 Rxe7 45. gxf5 gxf5 46. Nh5 Rf7 47. Rg2+ Kh8 48. Qg5 Ra7 49. Qc1 Rc7 50. Qe3 Bf7 51. Nf4 Qh6 52. Kh2 Rd7 53. Rd2 Rd8 54. Qg3 Qf6 55. Qc3 Rg8 56. Qe3 h5 57. d5 Rd8 58. Rg2 Kh7 59. Qg3 Qh6 60. Ne6 Bxe6 61. dxe6 f4 62. Qc3 Re8 63. Qc7+ Kh8 64. Qe5+ Kh7 65. Qf5+ Kh8 66. Qe5+ Kh7 67. Qxe4+ Kh8 68. Rg6 1-0

[Event "Oberliga NRW 9798 II"]
[Site "Germany"]
[Date "1997.??.??"]
[Round "3.1"]
[White "Kreutzkamp, Reinhold"]
[Black "Wessels, Marco"]
[Result "1/2-1/2"]
[WhiteElo "2265"]
[BlackElo "2265"]
[PlyCount "54"]
[EventDate "1997.10.??"]
[EventType "team"]
[EventRounds "9"]
[EventCountry "GER"]
[SourceTitle "EXT 1999"]
[Source "ChessBase"]
[SourceDate "1998.11.16"]
[SourceVersion "1"]
[SourceVersionDate "1998.11.16"]
[SourceQuality "1"]
[WhiteTeam "Koeln Porz III"]
[BlackTeam "Duisburg II"]
[WhiteTeamCountry "GER"]
[BlackTeamCountry "GER"]

1. e4 c5 2. c3 Nf6 3. d3 Nc6 4. Nf3 d6 5. Nbd2 g6 6. Be2 Bg7 7. 0-0 0-0 8. a3 d5 9. Qc2 Qc7 10. b3 b6 11. Bb2 Bb7 12. Rfe1 Rad8 13. Bf1 e5 14. b4 Rfe8 15. Rad1 Rc8 16. Qb3 dxe4 17. dxe4 Nd8 18. Qc2 cxb4 19. axb4 Nc6 20. Qb1 Re7 21. Nc4 Ne8 22. Ne3 Nd8 23. Nd5 Bxd5 24. Rxd5 Nf6 25. Rdd1 Nb7 26. Ba6 Rce8 27. Bxb7 Qxb7 1/2-1/2

[Event "Oberliga NRW 9697 II"]
[Site "Germany"]
[Date "1996.??.??"]
[Round "4.1"]
[White "Galdunts, Sergey"]
[Black "Wessels, Marco"]
[Result "1-0"]
[WhiteElo "2450"]
[BlackElo "2275"]
[PlyCount "63"]
[EventDate "1996.10.??"]
[EventType "team"]
[EventRounds "9"]
[EventCountry "GER"]
[SourceTitle "EXT 1998"]
[Source "ChessBase"]
[SourceDate "1997.11.17"]
[SourceVersion "1"]
[SourceVersionDate "1997.11.17"]
[SourceQuality "1"]
[WhiteTeam "Bonn Beuel"]
[BlackTeam "Hochheide"]
[WhiteTeamCountry "GER"]
[BlackTeamCountry "GER"]

1. e4 c5 2. Nf3 Nc6 3. Bb5 g6 4. 0-0 Bg7 5. Re1 e5 6. Bxc6 dxc6 7. d3 Qe7 8. h3 Nh6 9. Be3 f6 10. Qd2 Nf7 11. Qc3 b6 12. b4 0-0 13. bxc5 b5 14. Nbd2 a5 15. a4 b4 16. Qb2 Be6 17. d4 Rfd8 18. Rad1 Rab8 19. Nb3 Qa7 20. dxe5 fxe5 21. Ng5 Nxg5 22. Bxg5 Rxd1 23. Rxd1 h6 24. Rd6 Re8 25. Be3 Bf7 26. Qc1 Bf8 27. Qd2 Be6 28. Bxh6 Bxd6 29. cxd6 Qf7 30. Nc5 Ra8 31. Qg5 Re8 32. d7 1-0